000 00721cam a2200205 i 4500
005 20251109123309.0
008 250721s2011 jo gr 000 0 ara d
020 _a9789957350253
082 1 4 _a155.4
_bس ي د
100 1 _aالسيد، إبراهيم جابر
_eمؤلف.
245 1 0 _aميلاد الذكاء عند الطفل /
_cالأستاذ الدكتور إبراهيم جابر السيد.
264 3 1 _aعمان :
_bمركز الكتاب الأكاديمي،
_c2011.
300 _a578 صفحة.
650 1 7 _aسيكولوجية الأطفال.
650 1 7 _aعلم نفس الطفولة.
650 1 7 _aالذكاء.
650 1 7 _aالإبداعية.
942 _2ddc
_cBK
999 _c230
_d230